<?xml version="1.0" encoding="UTF-8"?>
<collection xmlns="http://www.loc.gov/MARC21/slim">
    <record>
        <controlfield tag="001">65516</controlfield>
        <controlfield tag="005">20180219131716.0</controlfield>
        <datafield tag="037" ind1=" " ind2=" ">
            <subfield code="a">TAZ-TFG-2017-840</subfield>
        </datafield>
        <datafield tag="041" ind1=" " ind2=" ">
            <subfield code="a">spa</subfield>
        </datafield>
        <datafield tag="100" ind1="1" ind2=" ">
            <subfield code="a">Becerril Molinero, Erika</subfield>
        </datafield>
        <datafield tag="242" ind1="0" ind2="0">
            <subfield code="a">Epidemiological study of dermatological pathology in the immigrant population in zaragoza</subfield>
        </datafield>
        <datafield tag="245" ind1="0" ind2="0">
            <subfield code="a">Estudio epidemiológico de la patología dermatológica en la población inmigrante en Zaragoza</subfield>
        </datafield>
        <datafield tag="260" ind1=" " ind2=" ">
            <subfield code="a">Zaragoza</subfield>
            <subfield code="b">Universidad de Zaragoza</subfield>
            <subfield code="c">2017</subfield>
        </datafield>
        <datafield tag="506" ind1=" " ind2=" ">
            <subfield code="a">by-nc-sa</subfield>
            <subfield code="b">Creative Commons</subfield>
            <subfield code="c">3.0</subfield>
            <subfield code="u">http://creativecommons.org/licenses/by-nc-sa/3.0/</subfield>
        </datafield>
        <datafield tag="520" ind1=" " ind2=" ">
            <subfield code="a">Introducción: En los últimos años se ha observado un aumento en la demanda de asistencia sanitaria en patologías dermatológicas en la población inmigrante residente en la ciudad de Zaragoza. Objetivos: El propósito de este estudio es determinar la prevalencia de la patología dermatológica que presenta la población inmigrante que acude a una consulta de dermatología, así como, describir y analizar la patología encontrada en dicho cupo de población. Material y métodos: Se ha realizado un estudio descriptivo, observacional y transversal. Para ello se han recogido los datos de los pacientes inmigrantes que han sido atendidos en consultas de Dermatología del Centro Médico de Especialidades Ramón y Cajal durante tres meses consecutivos; febrero, marzo y abril del 2017. Las variables estudiadas han sido: edad, sexo, país de origen, Centro de Salud de procedencia, antecedentes dermatológicos de interés, exposición solar, ocupación laboral y diagnóstico dermatológico. Para la recopilación de datos y la realización de los  gráficos, se ha utilizando Microsoft Word y Excel 2010 versión 14. Resultados: Se han estudiado un total de 59 pacientes inmigrantes de los que 36 han sido mujeres (61%) y 23 hombres (39%). La edad media de los pacientes ha sido de 36,33 años. Los países de procedencia más frecuentes han sido: Ecuador, con 11 pacientes (19%); Rumanía, con 9 (15%) y Nicaragua con 7 (12%), Los Centros de Salud de procedencia más frecuentes han sido Sagasta (14%), Canal Imperial (14%) y Reboleria (14%). Los diagnósticos más frecuentes han sido: micosis, presente en 9 pacientes (15,2%); psoriasis, diagnosticada en 6 pacientes (9,8%), nevus melanocítico adquirido en 4 pacientes (6,6%) y eczema en otros 4 pacientes (6,6%). Las patologías dermatológicas con mayor frecuencia han sido las de origen infeccioso, diagnosticadas en 14 pacientes (24%). Conclusiones: Se ha observado que las mujeres inmigrantes han  acudido más a la consulta de Dermatología que los hombres inmigrantes. La mayoría de los inmigrantes que han acudido a consulta proceden de Sudamérica. Es conveniente tener una base de conocimiento sobre la patología dermatológica prevalente en la población inmigrante del área de Zaragoza para poder realizar un adecuado diagnóstico y tratamiento de la enfermedad.</subfield>
        </datafield>
        <datafield tag="521" ind1=" " ind2=" ">
            <subfield code="a">Graduado en Medicina</subfield>
        </datafield>
        <datafield tag="540" ind1=" " ind2=" ">
            <subfield code="a">Derechos regulados por licencia Creative Commons</subfield>
        </datafield>
        <datafield tag="700" ind1=" " ind2=" ">
            <subfield code="a">Gracia Cazorro, Mª Teresa Elena </subfield>
            <subfield code="e">dir.</subfield>
        </datafield>
        <datafield tag="700" ind1=" " ind2=" ">
            <subfield code="a">Porta Aznárez, Nieves</subfield>
            <subfield code="e">dir.</subfield>
        </datafield>
        <datafield tag="710" ind1="2" ind2=" ">
            <subfield code="a">Universidad de Zaragoza</subfield>
            <subfield code="b">Medicina, Psiquiatría y Dermatología</subfield>
            <subfield code="c">Dermatología</subfield>
        </datafield>
        <datafield tag="856" ind1="0" ind2=" ">
            <subfield code="f">629776@celes.unizar.es</subfield>
        </datafield>
        <datafield tag="856" ind1="4" ind2=" ">
            <subfield code="s">3349811</subfield>
            <subfield code="u">http://zaguan.unizar.es/record/65516/files/TAZ-TFG-2017-840.pdf</subfield>
            <subfield code="y">Memoria (spa)</subfield>
        </datafield>
        <datafield tag="909" ind1="C" ind2="O">
            <subfield code="o">oai:zaguan.unizar.es:65516</subfield>
            <subfield code="p">driver</subfield>
            <subfield code="p">trabajos-fin-grado</subfield>
        </datafield>
        <datafield tag="950" ind1=" " ind2=" ">
            <subfield code="a"></subfield>
        </datafield>
        <datafield tag="951" ind1=" " ind2=" ">
            <subfield code="a">deposita:2018-02-17</subfield>
        </datafield>
        <datafield tag="980" ind1=" " ind2=" ">
            <subfield code="a">TAZ</subfield>
            <subfield code="b">TFG</subfield>
            <subfield code="c">MED</subfield>
        </datafield>
    </record>

    
</collection>